000 01843cam a22004814 4500
003 PE-LiUPU
005 20250731173402.0
008 2005 sp b
020 _a8482674528
035 _a(Sirsi) i9788482674520
035 _a(Sirsi) 45535
035 _a(Sirsi) 45535
082 0 4 _a281.1
_bS21
100 1 _aSánchez García, Bernardo,
_eautor.
245 1 0 _aManual de patrología /
_cBernardo Sánchez García.
264 1 _aBarcelona :
_bClie,
_c2005
300 _a431 páginas ;
_c20 centímetros.
336 _atext
_2rdacontent
337 _aunmediated
_2rdamedia
338 _avolume
_2rdacarrier
490 0 _aCurso de formación ministerial. Historia
504 _aIncluye referencias bibliográficas
505 0 _aPrimer Período (Años 50-313) -- Desde la muerte de los apóstoles hasta la paz de Constantino -- Or{igenes de la literattura patrística -- Los padres apostólicos -- Literatura apócrifa y literatura perdida -- Los filósofos paganos y los apóstoles.
526 _aSEG42
526 _aSEG41
526 _aSEG40
526 _aSEG39
526 _aP94
526 _aP87
526 _aP86
526 _aP85
526 _aP77
526 _aP76
526 _aP35
650 1 4 _aLiteratura cristiana primitiva
_xHistoria y crítica
942 _2ddc
_cBOOK
949 _a281.1 S21
_i63091
_lCCODEBUL1
_mBUL
_tLIBRO
_o.STAFF. Colección General
859 _q63091
_h281.1
_iS21
910 _agl20110607
596 _a1
999 _a281.1 S21
_wDEWEY
_c52106
_i63091
_d52106
_e2015-9-11
_f2021-11-11
_g5
_lCCODEBUL1
_mBUL
_n2
_p17.00
_q1
_r0
_sY
_tBOOK
_u2015-7-6
_xTEOLOGIA
_PP35
_0COMPRA
_o.STAFF. Colección Teología
980 _81
_gALBERTO SANCHEZ Responsable de Automatización